Statistiques concernant Top 3 musique Kanye West

Cliquez ici pour prendre le quiz!

Statistiques générales

  • Ce quiz a été pris 87 fois
  • Le résultat moyen est 11 sur 33

Statistiques - réponses

HintRéponse% Correct
MBDTFRunaway
76%
GraduationStronger
70%
YeezusBound 2
67%
The late RegistrationGold digger
65%
808's HeartbreakHeartless
59%
GraduationI wonder
56%
The college dropoutThrough the Wire
52%
The college dropoutAll falls down
50%
YeViolent Crimes
48%
VulturesBurn
44%
YeGhost Town
44%
MBDTFMonster
39%
GraduationGood Life
35%
YeezusBlack Skinhead
33%
TLOPFather Stretch My Hands Pt. 1
32%
The late RegistrationHey mama
32%
DondaHurricane
32%
Jesus is KingOn god
29%
The late RegistrationDiamonds from sierra Leone
27%
VulturesPaid
27%
TLOPUltralight Beam
24%
TLOPWaves
24%
YeYikes
24%
808's HeartbreakLove Lockdown
23%
YeezusHold My Liquor
21%
VulturesProblematic
20%
Jesus is KingClosed On Sunday
17%
DondaMoon
17%
Jesus is KingUse this gospel
17%
DondaJail
14%
808's HeartbreakSee You In My Nightmares
12%
The college dropoutFamily Buisness
11%
MBDTFAll of the Lights (Interlude)
5%

Distribution des résultats

Percentile par nombre de réponses

% des personnes avec chaque résultat

Votre développement - résultats

Vous n’avez pas pris ce quiz